000 00789nam a2200241 a 4500
001 BRL_801
005 20190320210914.0
008 081013s1985----mx-#######---#000-0#spa-#
020 _a9686011714
041 _aspa
044 _amx
050 4 _aLA596
_b.V39 1985
245 1 0 _aPolémica educativa en Perú siglo XX
_bantología
_cpreparada por Verónica Vázquez Mantecón
260 _aMéxico
_bSEP, Subsecretaría de Cultura, Dirección General de Publicaciones ; Ediciones Caballito
_c1985
300 _a160 p.
_c21 cm.
440 0 _aBiblioteca Pedagógica
_924989
500 _aAu918
500 _aEstado físico: Desprendimiento de hojas.
650 1 4 _aEducación
_ySiglo XX
_zPerú
_924990
700 1 _aVázquez Mantecón, Verónica
_924991
902 _aGRL
942 _2lcc
_cB
999 _c9613
_d9613